000 00522nam a2200181Ia 4500
003 GCL
008 140319s9999 xx 000 0 ara d
040 _aGCL /
_cGCL
082 0 4 _a814
_bس ل
100 1 _aسيسيل جوراتى
245 1 0 _aلحظة المصارحة (هدية من الاديب عبدالفتاح الجمل) /
_cسيسيل جوراتى
300 _a38 ص
490 _aكتاب
_v0
650 0 4 _aالادب العربى
650 0 4 _aالادب
650 0 4 _aالمقالات
942 _2ddc
_cBK
999 _c40892
_d40892